000 00335nam a2200145Ia 4500
005 20251222152020.0
008 251222s9999||||xx |||||||||||||| ||spa||
020 _a8484760499
082 _a631.4/V66
100 _aVillalobos, Francisco J.
245 0 _aFitotecnia:
250 _a1ra.ed.
264 _bGráfica Retai
942 _cLIB
999 _c25246
_d25246